000 00599nam a2200217Ia 4500
003 BUBTL
008 151213s9999 xx 000 0 und d
020 _a0-13-558148-6
082 _bCRM
100 _aGerald B.MC Cready .
245 _aMarketing Tactics Master Guide For Small Business.
_cGerald B.MC Cready .
260 _aNew Jersey
_bPrentice hall
300 _a[xv], 140p. :
_b30cm.
500 _aIncludes Index.
650 _aMarketing
650 _aMarketing
700 _aGerald B.MC Cready .
856 _k0
_l0
_yDownload
942 _2ddc
_cBK
999 _c1159
_d1159